| 000 | 01431cam a2200373 i 4500 | ||
|---|---|---|---|
| 001 | 014208302 | ||
| 003 | EG-ScBUE | ||
| 005 | 20230816122509.0 | ||
| 008 | 061027s1963 enka f 001 0 eng d | ||
| 040 |
_aUk _beng _erda _cUk _dEG-ScBUE |
||
| 041 | 1 |
_aeng _hund |
|
| 082 | 0 | 4 |
_222 _a914.7 _bJOR |
| 100 | 1 |
_aJorré, Georges, _d1899-1957, _eauthor. |
|
| 245 | 1 | 4 |
_aThe Soviet Union : _bthe land and its people / _cGeorges Jorré, late professor in the University of Toulouse ; with an introduction by A. Perpillou, professor of geography at the Sorbonne ; translated and revised by E. D. Laborde, sometime assistant Master in Harrow School. |
| 250 | _aThird impression. | ||
| 264 | 1 |
_aLondon : _bLongmans, _c1963. |
|
| 300 |
_axx, 372 pages : _billustrations ; _c24 cm. |
||
| 336 |
_2rdacontent _atext _btxt |
||
| 337 |
_2rdamedia _aunmediated _bn |
||
| 338 |
_2rdacarrier _avolume _bnc |
||
| 490 | 0 | _aGeographies for advanced study | |
| 500 | _aIncludes index. | ||
| 546 | _aText in English ; translated from the Russian language. | ||
| 650 | 7 |
_aEconomic history. _2BUEsh _936878 |
|
| 650 | 7 |
_aHistorical geography. _2BUEsh |
|
| 650 | 7 |
_aSoviet Union. _2BUEsh |
|
| 651 | _2BUEsh | ||
| 653 |
_bGGEN _bBUSECO _cJanuary2018 |
||
| 655 | _vReading book | ||
| 700 | 1 |
_aLaborde, E. D., _etranslator. |
|
| 700 | 1 |
_aPerpillou, A., _eauthor of introduction, etc. |
|
| 942 |
_2ddc _cBB |
||
| 999 |
_c26018 _d25990 |
||